000 00620nam a22002057a 4500
003 UA-OsUOA
001 73276
007 ta
008 20110221b un ||||| |||| 00| 0 ukr d
090 _a330(477)
_bИ99
942 _cSA
040 _aUA-OsUOA
_bukr
_cUA-OsUOA
_dUA-OsUOA
245 _aІнформація Міністерства Фінансів Укрраїни щодо виконання Державного бюджету України за 2010 рік
300 _aС.6-7
955 _a0
041 _aukr
080 _a330(477)
773 0 _w73275
650 7 _a330 Економіка взагалі
_2UDC
999 _c359560
_d359560